Joyitas. Los protagonistas de los mayores escándalos de corrupción en Chile.

Furkejuvvon:
Bibliográfalaš dieđut
Eará dahkkit: Peña, Juan Cristóbal (Doaimmaheaddji)
Materiálatiipa: Dovdameahttun
Almmustuhtton: Santiago, Chile: Hueders, 2021.
Preanttus:Primera edición
Fáttát:
Fáddágilkorat: Lasit fáddágilkoriid
Eai fáddágilkorat, Lasit vuosttaš fáddágilkora!

MARC

LEADER 00000 a2200000 4500
003 CL-VaPUC
005 20231211165836.0
008 231204t2021 ||||| |||| 00| 0 eng d
999 |c 442474  |d 442472 
020 |a 978-956-365-221-5 
040 |c Pontificia Universidad Católica de Valparaíso 
082 |2 22  |a 353.46 PEÑ 2021 
100 |a Peña, Juan Cristóbal  |9 885785  |e editor 
245 |a Joyitas.  |b Los protagonistas de los mayores escándalos de corrupción en Chile. 
250 |a Primera edición 
260 |a Santiago, Chile:  |b Hueders,  |c 2021. 
300 |a 249 páginas. 
583 |k GC  |c 20231204 
650 0 |9 376572  |a Corrupción política  |x Senadores, diputados, etc.  |z Chile  
650 0 |9 391238  |a Administración del Estado  |x Cargos públicos   |x Corrupción política, empresarial y militar  |z Chile  
942 |2 ddc  |c BK 
952 |0 0  |1 0  |2 ddc  |4 0  |6 353_460000000000000_PEÑ_2021  |7 0  |8 A  |9 592723  |a BIBCUR  |b BIBCUR  |c GEN  |d 2023-12-01  |e 3  |g 11267.50  |i 5659691  |o 353.46 PEÑ 2021  |p 5659691  |r 2025-04-22  |t 2  |v 11267.50  |w 2023-12-01  |y BK  |k PER 
952 |0 0  |1 0  |2 ddc  |4 0  |6 353_460000000000000_PEÑ_2021  |7 0  |8 A  |9 592724  |a BIBCUR  |b BIBCUR  |c GEN  |d 2023-12-01  |e 3  |g 11267.50  |i 5659690  |o 353.46 PEÑ 2021  |p 5659690  |r 2025-04-22  |t 1  |v 11267.50  |w 2023-12-01  |y BK  |k PER